| 000 | 00537cam a2200181 4500500 | ||
|---|---|---|---|
| 005 | 20260329002953.0 | ||
| 041 | _afre | ||
| 042 | _adc | ||
| 100 | 1 | 0 |
_aRogé, Antoine _eauthor |
| 245 | 0 | 0 | _aLa guérilla est dans le pré |
| 260 | _c2014. | ||
| 500 | _a53 | ||
| 690 | _aGuérilla verte | ||
| 690 | _aJardin | ||
| 690 | _aReportage | ||
| 786 | 0 | _nPhilosophie magazine | 79 | 5 | 2014-05-01 | p. 18-19 | 1951-1787 | |
| 856 | 4 | 1 | _uhttps://shs.cairn.info/magazine-philosophie-magazine-2014-5-page-18?lang=fr&redirect-ssocas=7080 |
| 999 |
_c1820132 _d1820132 |
||